000 00310nam a2200133Ia 4500
008 140626s9999 xx 000 0 und d
100 _aRobb, Drew
245 _aLet the Games Begin /
_cDrew Robb.
260 _cc2012.
300 _a57 : 9, page 93
440 _aHR Magazine
521 _aBSBA
942 _cSE
999 _c121485
_d121485